Statistics for General Knowledge Quiz #5 (LentoBean)

Click here to take the quiz!

General Stats

  • This quiz has been taken 37 times
  • The average score is 9 of 11

Answer Stats

HintAnswer% Correct
What continent is this country on: LesothoAfrica
100%
What continent is this country on: BruneiAsia
100%
What country is the most populous?China
97%
Which country is the smallest?Vatican City
97%
What continent is this country on: SurinameSouth America
93%
What is the capitol of Chile?Santiago
73%
In what year did the Soviet Union launch Sputnik?1957
67%
What is the capitol of Romania?Bucharest
67%
A shape with 9 sides is called a _____Nonagon
67%
Who was the first man in space?Yuri Gagarin
67%
Who was the US president after Abraham Lincoln? (Hint: He was the 17th US President.)Andrew Johnson
37%

Score Distribution

Percentile by Number Answered

Percent of People with Each Score

Your Score History

You have not taken this quiz